MARC details
| 001 - CONTROL NUMBER |
| control field |
23688783 |
| 003 - CONTROL NUMBER IDENTIFIER |
| control field |
000 |
| 005 - DATE AND TIME OF LATEST TRANSACTION |
| control field |
20251015150910.0 |
| 008 - FIXED-LENGTH DATA ELEMENTS--GENERAL INFORMATION |
| fixed length control field |
240513s2024 flu b 001 0 eng |
| 010 ## - LIBRARY OF CONGRESS CONTROL NUMBER |
| LC control number |
2024022079 |
| 020 ## - INTERNATIONAL STANDARD BOOK NUMBER |
| International Standard Book Number |
9781032587745 |
| 035 ## - SYSTEM CONTROL NUMBER |
| System control number |
23688783 |
| 040 ## - CATALOGING SOURCE |
| Original cataloging agency |
DNLM/DLC |
| Language of cataloging |
eng |
| Description conventions |
rda |
| Transcribing agency |
DLC |
| Modifying agency |
DLC |
| 042 ## - AUTHENTICATION CODE |
| Authentication code |
pcc |
| 050 00 - LIBRARY OF CONGRESS CALL NUMBER |
| Classification number |
RD 540 .G69 |
| 060 00 - NATIONAL LIBRARY OF MEDICINE CALL NUMBER |
| Classification number |
WI 141 |
| 082 00 - DEWEY DECIMAL CLASSIFICATION NUMBER |
| Classification number |
617.5/5075 |
| Edition number |
23/eng/20240628 |
| 100 1# - MAIN ENTRY--PERSONAL NAME |
| Personal name |
Goyal, Swati, |
| Relator term |
author. |
| 245 10 - TITLE STATEMENT |
| Title |
Radiology of the abdomen and pelvis : |
| Remainder of title |
a case-based guide / |
| Statement of responsibility, etc |
Swati Goyal. |
| 263 ## - PROJECTED PUBLICATION DATE |
| Projected publication date |
2408 |
| 264 #1 - PUBLICATION, DISTRIBUTION, ETC. (IMPRINT) |
| Place of publication, distribution, etc |
Boca Raton : |
| Name of publisher, distributor, etc |
CRC Press, |
| Date of publication, distribution, etc |
2025. |
| 300 ## - PHYSICAL DESCRIPTION |
| Extent |
xvi, 239p. ill. |
| 336 ## - CONTENT TYPE |
| Content type term |
text |
| Content type code |
txt |
| Source |
rdacontent |
| 337 ## - MEDIA TYPE |
| Media type term |
unmediated |
| Media type code |
n |
| Source |
rdamedia |
| 338 ## - CARRIER TYPE |
| Carrier type term |
volume |
| Carrier type code |
nc |
| Source |
rdacarrier |
| 504 ## - BIBLIOGRAPHY, ETC. NOTE |
| Bibliography, etc |
Includes bibliographical references and index. |
| 505 0# - FORMATTED CONTENTS NOTE |
| Formatted contents note |
Hepatobiliary-lieno-pancreatic system -- Gastrointestinal tract -- Urinary system -- Adrenal glands -- Female pelvic system (uterus and ovaries) -- Male pelvic system -- Aorta and IVC -- Diaphragm, peritoneum, retroperitoneum & anterior abdominal wall -- Abdominal tuberculosis & role of AI in abdominopelvic radiology -- Image-based MCQs. |
| 520 ## - SUMMARY, ETC. |
| Summary, etc |
"A succinct account of various routinely experienced pathologies and suitable images has been enlisted as approximately 150 case studies. The cases are structured into thematic chapters with an integrated approach to basic learning. Each case study follows a similar format with a brief clinical presentation, relevant imaging findings, discussion with differential diagnosis, management, and suggested readings. The book focuses on the pointwise description of cases routinely encountered in abdominopelvic imaging that help students, trainees and radiologists to write certificate examinations"-- |
| Assigning source |
Provided by publisher. |
| 650 12 - SUBJECT ADDED ENTRY--TOPICAL TERM |
| Topical term or geographic name as entry element |
Abdomen |
| General subdivision |
diagnostic imaging |
| 650 12 - SUBJECT ADDED ENTRY--TOPICAL TERM |
| Topical term or geographic name as entry element |
Pelvis |
| General subdivision |
diagnostic imaging |
| 650 22 - SUBJECT ADDED ENTRY--TOPICAL TERM |
| Topical term or geographic name as entry element |
Abdomen |
| General subdivision |
pathology |
| 650 22 - SUBJECT ADDED ENTRY--TOPICAL TERM |
| Topical term or geographic name as entry element |
Pelvis |
| General subdivision |
pathology |
| 650 22 - SUBJECT ADDED ENTRY--TOPICAL TERM |
| Topical term or geographic name as entry element |
Radiology |
| General subdivision |
methods |
| 655 #2 - INDEX TERM--GENRE/FORM |
| Genre/form data or focus term |
Case Reports |
| 776 08 - ADDITIONAL PHYSICAL FORM ENTRY |
| Relationship information |
Online version: |
| Main entry heading |
Goyal, Swati. |
| Title |
Radiology of the abdomen and pelvis |
| Edition |
First edition. |
| Place, publisher, and date of publication |
Boca Raton : CRC Press, 2024 |
| International Standard Book Number |
9781003452034 |
| Record control number |
(DLC) 2024022080 |
| 906 ## - LOCAL DATA ELEMENT F, LDF (RLIN) |
| a |
7 |
| b |
cbc |
| c |
orignew |
| d |
1 |
| e |
ecip |
| f |
20 |
| g |
y-gencatlg |
| 942 ## - ADDED ENTRY ELEMENTS (KOHA) |
| Source of classification or shelving scheme |
Library of Congress Classification |
| Koha item type |
Books |